Central Library OPAC University of Rajshahi

History of Hungary / (Record no. 25535)

MARC details
000 -LEADER
fixed length control field 00670cam a22002411 4500
001 - CONTROL NUMBER
control field 25535
003 - CONTROL NUMBER IDENTIFIER
rucl marc code BD-RjUL
005 - DATE AND TIME OF LATEST TRANSACTION
control field 20211209050907.0
008 - FIXED-LENGTH DATA ELEMENTS--GENERAL INFORMATION
fixed length control field 140318s1959 enkb 000 0 eng d
035 ## - SYSTEM CONTROL NUMBER
System control number (BD-RjUL)25605
System control number (OCoLC)1646817
040 ## - CATALOGING SOURCE
Original cataloging agency Rochester. Univ. Libr.
Transcribing agency OCU
Modifying agency DLC
-- BD-RjUL
Language of cataloging eng
041 ## - LANGUAGE CODE
Language code of text/sound track or separate title eng
082 00 - DEWEY DECIMAL CLASSIFICATION NUMBER
Classification number 943.91
Author mark and year SIH 1959
100 1# - MAIN ENTRY--PERSONAL NAME
Personal name Sinor, Denis.
9 (RLIN) 78516
245 10 - TITLE STATEMENT
Title History of Hungary /
Statement of responsibility, etc. Denis Sinor,
260 ## - PUBLICATION, DISTRIBUTION, ETC. (IMPRINT)
Place of publication, distribution, etc. London :
Name of publisher, distributor, etc. Allen & Unwin,
Date of publication, distribution, etc. 1959
300 ## - PHYSICAL DESCRIPTION
Pagination 310 p. :
Illustrations maps (on lining papers) ;
Size 22 cm.
651 #0 - SUBJECT ADDED ENTRY--GEOGRAPHIC NAME
Geographic name Hungary
General subdivision History.
9 (RLIN) 9921
942 ## - ADDED ENTRY ELEMENTS (KOHA)
Source of classification or shelving scheme Dewey Decimal Classification
Koha item type Books
Holdings
Lost status Source of classification or shelving scheme Damaged status Not for loan Collection code Permanent Location Current Location Shelving location Date acquired Source of acquisition Cost, normal purchase price Total Checkouts Full call number Date last seen Copy number Koha item type
  Dewey Decimal Classification   Added to bundle Non-fiction Central Library, University of Rajshahi Central Library, University of Rajshahi Reading Room 28/08/1969 Zeitlinger 25.00   943.91 SIH 1959 18/03/2014 C-1 Books
  Dewey Decimal Classification     Non-fiction Central Library, University of Rajshahi Central Library, University of Rajshahi   28/08/1969 Zeitlinger 25.00   943.91 SIH 1959 19/03/2014 C-2 Books